|
|
|
|
| LEADER |
00000nam0a2200000 4500 |
| 001 |
298307 |
| 005 |
20231102001106.0 |
| 035 |
|
|
|a (RuTPU)RU\TPU\book\323450
|
| 090 |
|
|
|a 298307
|
| 100 |
|
|
|a 20150617d1980 k y0rusy5003 ca
|
| 101 |
0 |
|
|a rus
|
| 102 |
|
|
|a RU
|
| 105 |
|
|
|a a z 001zy
|
| 200 |
1 |
|
|a Десульфурация чугуна магнием
|f Н. А. Воронова
|
| 210 |
|
|
|a Москва
|c Металлургия
|d 1980
|
| 215 |
|
|
|a 240 с.
|c ил.
|d 21 см
|
| 320 |
|
|
|a Библиогр.: с. 232-237
|
| 606 |
1 |
|
|a Чугун
|x Десульфурация
|2 stltpush
|3 (RuTPU)RU\TPU\subj\18787
|9 44157
|
| 610 |
1 |
|
|a немагниевые реагенты
|
| 610 |
1 |
|
|a внепечная десульфурация
|
| 610 |
1 |
|
|a магниевые реагенты
|
| 610 |
1 |
|
|a магний
|
| 610 |
1 |
|
|a производство
|
| 610 |
1 |
|
|a диспергированный магний
|
| 610 |
1 |
|
|a кусковой магний
|
| 610 |
1 |
|
|a технологическое оборудование
|
| 610 |
1 |
|
|a экономическая оценка
|
| 675 |
|
|
|a 669.162.267
|v 4
|
| 700 |
|
1 |
|a Воронова
|b Н. А.
|g Наталья Александровна
|4 070
|
| 801 |
|
1 |
|a RU
|b 63413507
|c 20150617
|
| 801 |
|
2 |
|a RU
|b 63413507
|c 20170621
|g RCR
|
| 942 |
|
|
|c BK
|